| 000 | 00751nam a2200265Ia 4500 | ||
|---|---|---|---|
| 001 | dia_4323 | ||
| 003 | CHAP | ||
| 005 | 20230130132939.0 | ||
| 007 | ta | ||
| 008 | 220601s9999 mx f 000 0 spa d | ||
| 040 |
_amxchpua _cCHAP |
||
| 090 | _aFOLLETO 2849 | ||
| 110 |
_9147846 _aBanco Nacional de Comercio Exterior |
||
| 245 | 1 | 0 |
_aOportunidades de negocio para la industria del cuero, calzado y marroquinería / _cBANCOMEXT |
| 260 |
_aMéxico : _bBANCOMEXT, |
||
| 300 | _aS.p. | ||
| 500 | _aC/e | ||
| 650 | 1 | 7 |
_aCuero _930102 |
| 650 | 1 | 3 |
_aCalzado _9155523 |
| 650 | 1 | 3 |
_aMarroquinería _9176035 |
| 901 | _aFOLLETO 2849 | ||
| 902 | _aM | ||
| 905 | _a0000001998 mx 0000000000spa00 | ||
| 942 |
_cFOLL _2local |
||
| 999 |
_c209487 _d209487 |
||